Software Engineering Education SEI Conference 1988 Fairfax, Virginia, USA, April 28-29, 1988 Proceedings
Guardado en:
| Otros Autores: | |
|---|---|
| Formato: | Libro |
| Lenguaje: | inglés |
| Publicado: |
New York
Springer
1988
|
| Edición: | 1. ed. |
| Colección: | Lecture Notes in Computer Science
327 |
| Etiquetas: |
Sin Etiquetas, Sea el primero en etiquetar este registro!
|
MARC
| LEADER | 00000nam a2200000 4500 | ||
|---|---|---|---|
| 001 | c033111 | ||
| 005 | 20221219120610.0 | ||
| 041 | 0 | |a eng | |
| 044 | |a US | ||
| 245 | 1 | 0 | |a Software Engineering Education |b SEI Conference 1988 Fairfax, Virginia, USA, April 28-29, 1988 Proceedings |c Edit. Gary A. Ford |
| 250 | |a 1. ed. | ||
| 264 | 1 | |a New York |b Springer |c 1988 | |
| 300 | |a 207 s. | ||
| 490 | 1 | |a Lecture Notes in Computer Science |v 327 | |
| 830 | 0 | |a Lecture Notes in Computer Science |v 327 | |
| 700 | 1 | |a Ford, Gary A. | |